000 00579 a2200169 4500
999 _c8367
_d8367
020 _a8120320328
050 0 0 _aQA76.73 KAU 2002
100 1 _aKaur, Kuljit.
245 1 0 _aVisual Basic.NET Professional Projects /
_cKuljit Kaur, Pooja Bembey with NIIT.
264 _aNew Delhi:
_bPrentice-Hall,
_c2002.
300 _axxx, 1007 p. :
_bill. ;
500 _aincludes index
650 0 _aBASIC (Computer program language)
700 1 _aBembey, Pooja.
942 _2lcc
_cBK
_h76.73
_iKAU
_kQA